000 00413nam a22001457a 4500
008 161103b xxu||||| |||| 00| 0 eng d
020 _a9780415256155
050 _aB2430.L964M25 2002
100 _aMalpas,Simon
_927240
245 _aJean-Francois Lyotard
_c/Simon Malpas
260 _aLondon
_bRoutledge
_c2003
300 _ax,156p.;
_c20cm.
650 _aLyotard, Jean Francois
_927241
942 _2lcc
_cMONOGRAPH
999 _c125657
_d125657